00381 2200157 4500001002100000005001500021035002000036082000800056084001200064245007200076260002800148300001100176990001200187990001200199990001200211INLIS00000000000228720250527032207 a0010-0525000579 a301 a301 PEM aPemanfaatan Tumbuh-Tumbuhan Untuk Kesehatan & Pengobatan Alternatif aSemarang :bLp3L,c2000 a76 hlm a0713348 a0713349 a0713350